书目信息 |
| 题名: |
核结构材料
|
|
| 作者: | 刘建章 主编 | |
| 分册: | ||
| 出版信息: | 北京 化学工业出版社 2007.06 |
|
| 页数: | 487页 | |
| 开本: | 24cm | |
| 丛书名: | 核材料科学与工程 | |
| 单 册: | ||
| 中图分类: | TL34 | |
| 科图分类: | ||
| 主题词: | 核结构--he jie gou--结构材料 | |
| 电子资源: | ||
| ISBN: | 978-7-122-00037-8 | |
| 000 | 00901nam 2200265 450 | |
| 001 | 012009733549 | |
| 005 | 20091228095730.75 | |
| 010 | @a978-7-122-00037-8@dCNY78.00 | |
| 100 | @a20091228d2007 em y0chiy0120 ea | |
| 101 | 0 | @achi |
| 102 | @aCN@b110000 | |
| 105 | @aa a 000yy | |
| 106 | @ar | |
| 200 | 1 | @a核结构材料@Ahe jie gou cai liao@f刘建章主编@Fliu jian zhang zhu bian |
| 210 | @a北京@c化学工业出版社@d2007.06 | |
| 215 | @a487页@c图@d24cm | |
| 225 | 2 | @a核材料科学与工程@Ahe cai liao ke xue yu gong cheng |
| 320 | @a有书目 | |
| 330 | @a本书选择重要的三类材料,即:锆及锆合金、钢和基合金以及铝合金。较为详细地介绍了这三类材料的发展、主要特性及在核工业中的应用实例。 | |
| 410 | 0 | @12001 @a核材料科学与工程 |
| 606 | 0 | @a核结构@Ahe jie gou@x结构材料 |
| 690 | @aTL34@v4 | |
| 701 | 0 | @a刘建章@Aliu jian zhang@4主编 |
| 801 | 0 | @aCN@bQSSK@c20091228 |
| 905 | @b769019-20@dTL34@eL639@f2 | |
| 核结构材料/刘建章主编.-北京:化学工业出版社,2007.06 |
| 487页:图;24cm.-(核材料科学与工程) |
| ISBN 978-7-122-00037-8:CNY78.00 |
| 本书选择重要的三类材料,即:锆及锆合金、钢和基合金以及铝合金。较为详细地介绍了这三类材料的发展、主要特性及在核工业中的应用实例。 |
| ● |
| 相关链接 |
|
|
|
正题名:核结构材料
索取号:TL34/L639
 
预约/预借
| 序号 | 登录号 | 条形码 | 馆藏地/架位号 | 状态 | 备注 |
| 1 | 769019 | 207690195 | 期刊室512/501自科库 136排8列5层/ [索取号:TL34/L639] | 在馆 | |
| 2 | 769020 | 207690202 | 期刊室512/501自科库 136排8列5层/ [索取号:TL34/L639] | 在馆 |